| 000 | 00444nmm a2200145Ia 4500 | ||
|---|---|---|---|
| 008 | 251105s9999||||xx |||||||||||||||||und|| | ||
| 041 | _aspa | ||
| 100 | _aVanegas Chaves, Yuliana | ||
| 245 | 0 |
_aAmores a distancia. ¿Y el propio? : _b ¿Y el propio? |
|
| 264 |
_a[Madrid, España] : _bMedinaliber Hispánica, _c2021 |
||
| 300 | _a0 páginas | ||
| 650 | _aBiography | ||
| 856 | _uhttps://public.digitaliapublishing.com/a/100428 | ||
| 942 | _cCF | ||
| 999 |
_c106855 _d106855 |
||